000 00805nam a22002294a 4500
005 2010081100240.0
008 120423t xxu||||| |||| 00| 0 eng d
010 _aENG-99509
020 _c295.00
_a9788125931256
035 _aEN-83041
037 _bDBAD/PUB
082 _a005.133
100 _aDas, Rashmi Kanta
_912293
245 _aCore java for beginners /
_cby Rashmi Kanta Das
_b
260 _aNew Delhi
_bVikas Pub. House
_c2009
270 _a576, Nasjid Road, Jangpura
_bNew Delhi
_e110014
300 _axx, 660 p.
_c22cm (Pbk)
650 _aJana computer program language
_912294
700 _910698
942 _2ddc
_cEN
_mDAS
_h005.133
999 _c41040
_d41040